Дело по просьбе девицы Зражевской о поднесении государыне императрице переведенной ее книги "Детская библиотека"

Доступно только в Электронных читальных залах Найти на картеНа карте
RUSMARC
00003612nmc2a22002413x 450
001aa569c28-cfa0-47d3-b447-e26e19449806
00520250620192455.0
100##$a20241206l18391840k l0rusy0189 ca
1010#$arus
102##$aRU
105##$ay###
1222#$ad
2001#$aДело по просьбе девицы Зражевской о поднесении государыне императрице переведенной ее книги "Детская библиотека"
$j30 декабря 1839 г. - 25 января 1840 г.
215##$a10 л.
$d36,5х26 см
251##$cДело
300##$aНа обложке указано: "№155"
371##$aДокумент не является опубликованным и широко распространяемым
461#0$10012b5b8419-5ce4-4d16-a7a3-85720a295f1f
$12001
$aКанцелярия министра народного просвещения
$1251
$cФонд
$1852
$j735
462#0$1001562cc287-b13c-4f02-8029-f81535ba1e2e
$12001
$aКанцелярия министра народного просвещения
$1251
$cОпись
$1852
$j2
801#0$aRU
$bРГИА
$c20241206
$gRCR
801#1$aRU
$bГлавНИВЦ
$c20241206
$2rusmarc
801#2$aRU
$bПБ им. Б.Н. Ельцина
$c20250620
$gRCR
$2rusmarc
850##$aРГИА
852##$aРГИА
$eФедеральное казенное учреждение "Российский государственный исторический архив" (РГИА)
$j153
937##$hРГИА
$d12420830
$aASBIBLIO_SCAN
035##$aRusGRCC00082930
856##$uhttp://readingroom.main.prlib.ru/item.aspx?id_node=n196817328&mode=full
Формат отображения